000 00856cam a22001934a 4500
005 20250605164119.0
008 250528s ||||||||||||||||||||||||d
035 _a18215
020 _a354062676
040 _aGR-AtMCL
_bgre
_dGR-AtMCL
_eAACR2
245 1 _aLinux Start-Up Guide / A Self-Contained Introduction
260 _bSpringer,
_c1997
300 _a344
520 _aThis book gives full details of operating system architecture, LINUX basic commands, and typical development and application packages. Introduction, Development of Unix, Operating Linux, Programs and Processes, Files and File Systems, File Oriented Commands, Editors, Shell Programs, Networked Systems, TCP/ IP Applications, X Window System, X Window Manager, Bibliography, Index.
700 1 _aHantelmann Fred
_94502
942 _cBK
999 _c3592
_d3592